000 01799nam a2200277 a 4500
003 OSt
005 20260210120644.0
007 cr ||||||a|c|a
008 230518s2019 mx a|||fom||| 001 0 spa d
040 _erda
100 1 _9187082
_aGerónimo Cruz, Luis Arturo
245 1 0 _aSituación actual de mercado de los materiales de riego agrícola en México /
_cpor Luis Arturo Gerónimo Cruz; director de tesis Ma. Magdalena Sánchez Astello.
264 1 _aChapingo, México :
_bEl autor,
_c2019.
300 _a1 recurso en línea (116 páginas):
_bcuadros, ilustraciones, figuras.
336 _2rdacontent
_atexto
_btxt
337 _2rdamedia
_acomputadora
_bc
338 _2rdacarrier
_arecurso en línea
_bcr
502 _bII
_cIrrigación
_d2019.
_gLIC
504 _aIncluye referencias bibliográficas: páginas 97-99.
520 _aEsta investigación de mercado estudia el origen de los materiales de riego agrícola en México, realizar un estudio de las principales empresas nacionales y transnacionales que ofertan al mercado mexicano para abastecer la demanda del material que se usa en la implementación del riego agrícola y tener el conocimiento porque la empresa de Toro es reconocida solo por si cinta de riego T-tape en México. Estimando los volúmenes en millones de pesos que se comercializa en los materiales nos damos cuenta de que el país de México posee un gran potencial de riego por la demanda de materiales que importa al país.
650 4 _aIrrigación
_xImplementos y maquinaria
_xMercadeo
_9187083
650 4 _960392
_aIrrigación
_xCostos
700 0 _aSánchez Astello, María Magdalena
_eDirector de tesis.
_9107340
856 _uhttp://10.13.5.2/tesis/tl/Geronimo_Cruz_Luis_Arturo.pdf
_zDESCARGAR PDF
942 _2Clasificación Universidad Autónoma Chapingo
_cTD
999 _c218786
_d218786